000 00836nam a2200253Ia 4500
003 GCL
008 140319s9999 xx 000 0 ara d
040 _aGCL /
_cGCL
082 0 4 _a257.1
_bق ا
100 1 _aاسماعيل قربان حسين يوناوالا
245 1 0 _aالارجوزة المختارة /
_cاسماعيل قربان حسين يوناوالا
700 1 _aالقاضى النعمان
260 _a[S.N] :
_bمعهد البحوث والدراسات الاسلامية ،
_c1970
300 _a357 ص
490 _a
650 0 4 _aالاسلام
650 0 4 _aالخلافة
650 0 4 _aالنظام السياسى
650 0 4 _aنظام الحكم فى الاسلام
650 0 4 _aالامامة
650 0 4 _aالاسلام والسياسة
650 0 4 _aعلم الكلام
942 _2ddc
_cBK
999 _c35881
_d35881